00484nam a2200157Ia 450000500170000000800410001702000180005808200200007610000380009624500480013425000120018226000360019430000160023040000520024665000280029820241213165020.0231217s9999 xx 000 0 und d a9788177583670 a001.535 RUS;15 aRussell, Stuart J. Norvig, Peter. 0aArtificial intelligence : a modern approach a2nd ed. c2003bDorling KindersleyaNoida axxvii, 1022 aPrentice hall series in artificial intelligence aArtificial,intelligence